[Event "POL-chT 2nd div South"]
[Site "Polanica Zdroj"]
[Date "1999.??.??"]
[Round "10"]
[White "Nowacki, Tomasz"]
[Black "Chmielarz, Zenon"]
[Result "0-1"]
[WhiteElo "2091"]
[BlackElo "2162"]
[PlyCount "70"]
[EventDate "1999.09.17"]
[EventType "team-swiss"]
[EventRounds "10"]
[EventCountry "POL"]
[SourceTitle "EXT 2001"]
[Source "ChessBase"]
[SourceDate "2000.11.22"]
[SourceVersion "1"]
[SourceVersionDate "2000.11.22"]
[SourceQuality "1"]
[WhiteTeam "POL-chT 2nd div South 14"]
[BlackTeam "POL-chT 2nd div South 04"]
[WhiteTeamCountry "POL"]
[BlackTeamCountry "POL"]

1. Nf3 d5 2. c4 c6 3. g3 Nf6 4. Bg2 g6 5. 0-0 Bg7 6. cxd5 cxd5 7. d3 0-0 8. Nc3 Nc6 9. h3 b6 10. e4 d4 11. Ne2 e5 12. Ne1 Nd7 13. f4 f6 14. b4 a5 15. b5 Ncb8 16. Ba3 Nc5 17. Bxc5 bxc5 18. Qb3+ Kh8 19. Rc1 Qb6 20. fxe5 Be6 21. Qa3 Qxb5 22. exf6 Bh6 23. Qxc5 Qxc5 24. Rxc5 Bxa2 25. e5 Ra6 26. Nc2 Rd8 27. Nexd4 a4 28. Nc6 Nxc6 29. Rxc6 Rxc6 30. Bxc6 Bb3 31. Na1 Be6 32. Bxa4 Rxd3 33. Rb1 Be3+ 34. Kg2 Bd5+ 35. Kh2 Rd2# 0-1

[Event "Polanica Zdroj op"]
[Site "Polanica Zdroj"]
[Date "1992.??.??"]
[Round "2"]
[White "Chmielarz, Zenon"]
[Black "Kveinys, Aloyzas"]
[Result "0-1"]
[WhiteElo "2240"]
[BlackElo "2485"]
[PlyCount "72"]
[EventDate "1992.??.??"]
[EventType "swiss"]
[EventRounds "10"]
[EventCountry "POL"]
[SourceTitle "EXT 1998"]
[Source "ChessBase"]
[SourceDate "1997.11.17"]
[SourceVersion "1"]
[SourceVersionDate "1997.11.17"]
[SourceQuality "1"]

1. d4 Nf6 2. Nc3 g6 3. e4 d6 4. g3 Bg7 5. Bg2 c6 6. Nge2 0-0 7. 0-0 Qc7 8. h3 b5 9. a3 Nbd7 10. e5 dxe5 11. Nxb5 Qb6 12. Nbc3 Ba6 13. Re1 Rad8 14. Be3 Bxe2 15. Nxe2 Nd5 16. Bxd5 cxd5 17. dxe5 Qxb2 18. f4 Qb7 19. Rb1 Qc7 20. Rb5 e6 21. Qb1 Rb8 22. Nd4 a6 23. Rxb8 Rxb8 24. Nb3 Qc3 25. Qd1 Rc8 26. Re2 Bf8 27. a4 Rc4 28. a5 Nc5 29. Kg2 Ne4 30. Qd3 Qb4 31. g4 Bh6 32. g5 Bf8 33. h4 Bc5 34. Kf3 Rc3 35. Qxa6 Nxg5+ 36. Kg4 h5+ 0-1